Zmeny v zdravotnom a sociálnom poistení

Od 1. 1. 2024 sa zvyšuje minimálna mzda, minimálne poistné na zdravotné poistenie a maximálny vymeriavací základ na sociálne poistenie. Ako sa mení výška mzdových veličín a aký to bude mať dopad na výšku odvodov na poistné, a v konečnom dôsledku aj na výšku čistého príjmu zamestnanca?

Salvato in:
Dettagli Bibliografici
Autore principale: Matlovičová, Iveta
Natura: Capitolo di libro
Lingua:slovacco
Soggetti:
Tags: Aggiungi Tag
Nessun Tag, puoi essere il primo ad aggiungerne!!

MARC

LEADER 00000naa a2200000 4500
001 0297633
005 20240417075257.6
041 0 |a slo 
044 |a SK 
245 1 0 |a Zmeny v zdravotnom a sociálnom poistení  |c Iveta Matlovičová 
520 |a Od 1. 1. 2024 sa zvyšuje minimálna mzda, minimálne poistné na zdravotné poistenie a maximálny vymeriavací základ na sociálne poistenie. Ako sa mení výška mzdových veličín a aký to bude mať dopad na výšku odvodov na poistné, a v konečnom dôsledku aj na výšku čistého príjmu zamestnanca? 
610 2 0 |a poistenie sociálne 
610 2 0 |a poistenie zdravotné 
610 2 0 |a zákony 
610 2 0 |a poistné 
610 2 0 |a odvody 
610 2 0 |a mzdy 
610 2 0 |a príjmy 
610 2 0 |a zamestnanci 
100 1 |a Matlovičová, Iveta